Pasion y Muerte De Nuestro Señor Jesucristo / (Registro nro. 43464)

Detalles MARC
000 -LEADER
fixed length control field 01036nam a2200289 4500
001 - CONTROL NUMBER
control field 0000020617
003 - CONTROL NUMBER IDENTIFIER
control field CO-CtgCURN
005 - DATE AND TIME OF LATEST TRANSACTION
control field 20250429224759.0
007 - PHYSICAL DESCRIPTION FIXED FIELD--GENERAL INFORMATION
fixed length control field ta
008 - FIXED-LENGTH DATA ELEMENTS--GENERAL INFORMATION
fixed length control field 160627s 000 0 eng d
020 ## - INTERNATIONAL STANDARD BOOK NUMBER
International Standard Book Number 958961468X
040 ## - CATALOGING SOURCE
Original cataloging agency CO-CtgCURN
Language of cataloging spa
Transcribing agency coctgcurn
082 0# - DEWEY DECIMAL CLASSIFICATION NUMBER
Classification number 232
Item number B37p
100 1# - MAIN ENTRY--PERSONAL NAME
Personal name Berthe, Padre.
245 10 - TITLE STATEMENT
Title Pasion y Muerte De Nuestro Señor Jesucristo /
Statement of responsibility, etc. Berthe, Padre.
260 ## - PUBLICATION, DISTRIBUTION, ETC.
Place of publication, distribution, etc. Madrid :
Name of publisher, distributor, etc. Salvame Reina de Familia
300 ## - PHYSICAL DESCRIPTION
Extent 109 p.
336 ## - CONTENT TYPE
Source rdacontent
337 ## - MEDIA TYPE
Source rdamedia
Media type term sin mediacion
Media type code n
338 ## - CARRIER TYPE
Source rdacarrier
Carrier type term volumen
Carrier type code nc
505 8# - FORMATTED CONTENTS NOTE
Formatted contents note La ultima cena.--El testamento de amor.--La agonia y el arresto.--Jesus ante Caifas.--La negociacion de pedro.--La Traicion.--Jesus ante pilatos.--Condenacion a muerte.--La via dolorosa.--Crusificacion y muerte de jesus.--La Resurrecion
650 14 - SUBJECT ADDED ENTRY--TOPICAL TERM
Topical term or geographic name entry element Fe (Religión)
650 14 - SUBJECT ADDED ENTRY--TOPICAL TERM
Topical term or geographic name entry element Catolicismo.
908 ## - PUT COMMAND PARAMETER (RLIN)
Put command parameter 160627
942 ## - ADDED ENTRY ELEMENTS (KOHA)
Koha item type Libros
Classification part 232
Item part B37p
Source of classification or shelving scheme Dewey Decimal Classification

No hay ítems disponibles.